| 000 | 00410nam a22001337a 4500 | ||
|---|---|---|---|
| 040 | _cNUST | ||
| 082 | _a220 PRO | ||
| 100 |
_aAnas Zia Saif Ur Rehman Ali _985647 |
||
| 110 |
_aProject Supervisor Prof. Dr Zafar Bangash _985648 |
||
| 245 | _aPR-SOF-2054-Design and Analysis of High Volume Low Speed Fan | ||
| 260 |
_aISLAMABAD: _bNUST COLLEGE OF EME, _c2021. |
||
| 650 |
_aDE-MECH-39 _985649 |
||
| 942 |
_2ddc _cPR |
||
| 999 |
_c587044 _d587044 |
||